书目信息 |
| 题名: |
世界自然遗产申报研究
|
|
| 作者: | 蔚东英 , 冯媛霞 , 李振鹏 , 王民 著 | |
| 分册: | ||
| 出版信息: | 北京 中国环境出版社 2015.03 |
|
| 页数: | 176页 | |
| 开本: | 26cm | |
| 丛书名: | ||
| 单 册: | ||
| 中图分类: | S759.991 | |
| 科图分类: | ||
| 主题词: | 自然保护区--zi ran bao hu qu--研究--世界 | |
| 电子资源: | ||
| ISBN: | 978-7-5111-2211-7 | |
| 000 | 01157nam0 2200325 450 | |
| 001 | 93695 | |
| 005 | 20250819143149.50 | |
| 010 | @a978-7-5111-2211-7@dCNY59.00 | |
| 099 | @aCAL 012015064024 | |
| 100 | @a20150421d2015 em y0chiy50 ea | |
| 101 | 0 | @achi |
| 102 | @aCN@b110000 | |
| 105 | @aak z 000yy | |
| 106 | @ar | |
| 200 | 1 | @a世界自然遗产申报研究@Ashi jie zi ran yi chan shen bao yan jiu@f蔚东英 ... [等] 著 |
| 210 | @a北京@c中国环境出版社@d2015.03 | |
| 215 | @a176页@c图@d26cm | |
| 304 | @a题名页题其余责任者: 冯媛霞, 李振鹏, 王民 | |
| 312 | @a英文题名取自封面 | |
| 330 | @a本书共五章, 内容包括: 绪论、世界自然遗产OUV介绍、世界自然遗产分类、世界自然遗产中报现状、我国世界自然遗产未来申报方向。 | |
| 333 | @a适用于遗产保护、申报领域人员及相关读者。 | |
| 510 | 1 | @aResearch on application of world natural heritage@zeng |
| 606 | 0 | @a自然保护区@Azi ran bao hu qu@x研究@y世界 |
| 690 | @aS759.991@v5 | |
| 701 | 0 | @a蔚东英@Awei dong ying@4著 |
| 701 | 0 | @a冯媛霞@Afeng yuan xia@4著 |
| 701 | 0 | @a李振鹏@Ali zhen peng@4著 |
| 701 | 0 | @a王民@Awang min@4著 |
| 801 | 0 | @aCN@c20250909 |
| 905 | @a河南城建学院图书馆@dS759.991@eW573@f1 | |
| 世界自然遗产申报研究/蔚东英 ... [等] 著.-北京:中国环境出版社,2015.03 |
| 176页:图;26cm |
| 使用对象:适用于遗产保护、申报领域人员及相关读者。 |
| ISBN 978-7-5111-2211-7:CNY59.00 |
| 本书共五章, 内容包括: 绪论、世界自然遗产OUV介绍、世界自然遗产分类、世界自然遗产中报现状、我国世界自然遗产未来申报方向。 |
| ● |
| 相关链接 |
|
|
|
正题名:世界自然遗产申报研究
索取号:S759.991/W573
 
预约/预借
| 序号 | 登录号 | 条形码 | 馆藏地/架位号 | 状态 | 备注 |
| 1 | 1627652 | 216276526 | 自科库401/401自科库 1排2列5层/ [索取号:S759.991/W573] | 在馆 |